LEADER 01183nam0 22002773i 450 001 VAN00248939 005 20240806101416.436 017 70$2N$a978-3-658-30678-6 100 $a20220803d2021 |0itac50 ba 101 $aeng 102 $aDE 105 $a|||| ||||| 200 1 $aSimulation in Chassis Technology$eA Practice-oriented Introduction to the Creation of Component and Full Vehicle Models Using the Method of Multi-Body Systems$fDirk Adamski 210 $a Wiesbaden$cSpringer$d2021 215 $aXX, 287 p.$cill.$d24 cm 620 $aDE$dWiesbaden$3VANL000457 700 1$aAdamski$bDirk$3VANV203740$01225995 712 $aSpringer $3VANV108073$4650 801 $aIT$bSOL$c20240906$gRICA 856 4 $uhttps://doi.org/10.1007/978-3-658-30678-6$zE-book ? Accesso al full-text attraverso riconoscimento IP di Ateneo, proxy e/o Shibboleth 899 $aBIBLIOTECA CENTRO DI SERVIZIO SBA$2VAN15 912 $fN 912 $aVAN00248939 950 $aBIBLIOTECA CENTRO DI SERVIZIO SBA$d15CONS SBA EBOOK 9599 $e15EB 9599 20220803 996 $aSimulation in chassis technology$92846470 997 $aUNICAMPANIA